| 000 | 01059cam a2200397 4500500 | ||
|---|---|---|---|
| 005 | 20260329004507.0 | ||
| 041 | _afre | ||
| 042 | _adc | ||
| 100 | 1 | 0 |
_ade Oliveira, Victorine _eauthor |
| 245 | 0 | 0 | _aLettres aimées |
| 260 | _c2020. | ||
| 500 | _a33 | ||
| 690 | _aBD | ||
| 690 | _aChloé Delaume | ||
| 690 | _aHélène Gaudy | ||
| 690 | _aHouria Bentouhami | ||
| 690 | _aHubert Grenier | ||
| 690 | _aIndochine | ||
| 690 | _aIsabelle Autissier | ||
| 690 | _aLaurence Devillairs | ||
| 690 | _aMer | ||
| 690 | _aMort | ||
| 690 | _aNavigation | ||
| 690 | _aNicola Sirkis | ||
| 690 | _aNisl Strindberg | ||
| 690 | _aOlivia Clavel | ||
| 690 | _aOllivier Pourriol | ||
| 690 | _aOppression | ||
| 690 | _aPacôme Thiellement | ||
| 690 | _aPeinture | ||
| 690 | _aPhotographie | ||
| 690 | _aRacisme | ||
| 690 | _aToni Morrison | ||
| 786 | 0 | _nPhilosophie magazine | 137 | 3 | 2020-03-01 | p. 23-24 | 1951-1787 | |
| 856 | 4 | 1 | _uhttps://shs.cairn.info/magazine-philosophie-magazine-2020-3-page-23?lang=fr&redirect-ssocas=7080 |
| 999 |
_c1834459 _d1834459 |
||